[Event "EYCC Open U18 2018"]
[Site "Riga"]
[Date "2018.08.23"]
[Round "4"]
[White "Nguyen, Thai Dai Van"]
[Black "Ranaldi, Lucas"]
[Result "1-0"]
[WhiteElo "2548"]
[BlackElo "2291"]
[Annotator "TA"]
[PlyCount "98"]
[EventDate "2018.08.20"]
[EventType "swiss"]
[EventCountry "LAT"]
[SourceTitle "playchess.com"]
[Source "ChessBase"]
[SourceQuality "1"]

{[%evp 22,98,52,52,52,43,52,31,46,45,72,53,97,64,131,120,143,58,66,52,78,82,97,92,92,54,130,95,298,254,304,154,187,182,361,379,347,354,344,337,323,341,441,441,379,384,426,337,311,0,385,329,412,375,366,387,377,365,547,532,649,646,630,653,645,640,558,617,635,624,592,567,630,616,608,570,4627,4618,1487]} 1. e4 c6 2. d4 d5 3. e5 Bf5 4. Nf3 e6 5. Be2 Nd7 6. O-O Ne7 7. Nbd2 Bg6 {B12: Caro-Kann: Advance Variation} (7... c5 8. c3 Nc6 9. Nb3 c4 10. Nbd2 b5 11. Re1 b4 12. Nf1 Be7 13. Ng3 Bg6 14. Be3 O-O 15. h4 Bxh4 16. Nxh4 Qxh4 17. cxb4 Nxb4 {1-0 (35) Vachier Lagrave,M (2789)-Mamedyarov,S (2808) Paris 2018}) 8. Nb3 Nf5 9. a4 Be7 10. a5 O-O 11. g4 Nh4 12. Nxh4 {LiveBook: 7 Games} Bxh4 13. f4 f6 {[#]} 14. c4 $146 ({Predecessor:} 14. Be3 Qe7 15. exf6 Nxf6 {1-0 (52) Kosintseva,T (2534)-Chiburdanidze,M (2514) Jermuk 2010}) 14... a6 15. Be3 Qe7 16. Nd2 fxe5 17. dxe5 h6 (17... d4 $1 $14 18. Bxd4 Rad8) 18. Qb3 $16 Nc5 19. Qa3 ({White should try} 19. Qb6 $16 d4 20. Bxd4) 19... Ne4 $14 20. cxd5 Qxa3 21. Rxa3 {Threatens to win with d6.} Nxd2 22. Bxd2 {Strongly threatening d6.} cxd5 23. Rb3 Rf7 (23... Be4 $14) 24. Rb6 {f5 is the strong threat.} Re8 $2 {[#]} (24... Be4 $16) 25. f5 $1 $18 {[%cal Rf5g6][%mdl 512]} Bh7 {[%cal Re6f5] [#]} (25... exf5 26. Rxg6) 26. fxe6 (26. Bf3 $1 $18) 26... Rfe7 $16 27. Bb4 Bg5 $2 (27... Rc7 {keeps fighting.}) 28. Bxe7 $18 Be3+ 29. Kg2 Be4+ 30. Bf3 Bxb6 31. Bd6 (31. axb6 Rxe7 32. Bxe4 dxe4 $15) 31... Bxf3+ 32. Rxf3 {[%mdl 4096] Endgame KRB-KRB} Bd8 33. Kg3 Be7 34. Rd3 Bd8 35. Rf3 ({Don't take} 35. Rxd5 $6 Rxe6 36. b4 Re8 $18) 35... Be7 $1 36. Rc3 d4 37. Rd3 Bd8 38. Rxd4 Rxe6 39. Rb4 Be7 (39... Bxa5 $142 40. Rxb7 Bd2) 40. Rb6 {White is clearly winning.} Bxd6 41. exd6 {KR-KR} ({And not} 41. Rxd6 Rxe5 42. Rb6 Rxa5 $11) 41... Kf8 42. d7 Re3+ 43. Kf4 Rd3 44. Rxb7 Ke7 {[#]} 45. d8=Q+ $1 Kxd8 46. Rxg7 Rd2 47. Rg6 Rxh2 48. Rxa6 Rxb2 49. Rxh6 Rb4+ {Precision: White = 62%, Black = 40%.} 1-0

[Event "EYCC Open U18 2018"]
[Site "Riga"]
[Date "2018.08.23"]
[Round "4"]
[White "Kevlishvili, Robby"]
[Black "Banzea, Alexandru Bogdan"]
[Result "1/2-1/2"]
[WhiteElo "2497"]
[BlackElo "2313"]
[Annotator "TA"]
[PlyCount "196"]
[EventDate "2018.08.20"]
[EventType "swiss"]
[EventCountry "LAT"]
[SourceTitle "playchess.com"]
[Source "ChessBase"]
[SourceQuality "1"]

{[%evp 18,196,17,-2,0,0,0,-3,12,3,18,21,104,104,106,0,0,0,0,0,0,0,0,0,0,0,0,0,0,0,0,-9,6,-10,0,0,0,0,8,8,0,0,0,0,0,0,0,0,0,0,0,0,0,0,0,2,0,0,0,0,0,0,0,0,0,0,0,0,0,0,0,0,0,0,0,0,74,74,74,74,74,74,74,74,74,0,74,74,74,74,74,74,74,74,74,74,74,74,74,74,74,74,74,74,74,74,74,74,74,74,74,58,58,58,58,58,58,58,58,58,58,58,58,58,58,58,58,58,58,58,58,58,58,22,22,0,0,0,0,0,0,0,0,0,0,3,17,17,17,17,17,0,0,0,8,8,8,8,8,0,8,8,8,8,8,8,8,8,8,0,0,0,0,0,0,0,0,0,0,0,0]} 1. e4 c6 2. d4 d5 3. e5 Bf5 4. h4 h5 5. Bd3 Bxd3 6. Qxd3 {B12: Caro-Kann: Advance Variation} Qa5+ 7. Nd2 e6 8. Ngf3 Nh6 9. O-O Nf5 10. c4 {LiveBook: 8 Games} Qa6 11. b3 Nd7 12. a4 Bb4 13. Ba3 $146 Bxa3 14. Rxa3 c5 {[#]} (14... O-O $11) 15. dxc5 $1 $16 Nxc5 16. Qe2 ({White should try} 16. Qc2 $16) 16... Qb6 $11 17. cxd5 exd5 18. Qb5+ Qxb5 19. axb5 Ne6 20. Rfa1 Kd7 21. Ra5 Kc7 22. b6+ $1 Kxb6 23. Rxd5 Rhd8 24. Nc4+ Kc7 25. Rxd8 Rxd8 26. Rxa7 Rd3 27. b4 Rd1+ 28. Kh2 Rb1 29. Nd6 Nxd6 30. exd6+ {[%mdl 4096] Endgame KRN-KRN} Kb6 31. Ra5 Kc6 32. Ne5+ Kxd6 33. Nxf7+ Ke7 34. Ng5 {[#] Strongly threatening Re5.} Rxb4 35. g3 g6 36. Re5 Rb6 37. Re2 Kf6 38. Nf3 Rd6 39. Rb2 b6 40. Nd2 {Hoping for Ne4+.} Rc6 41. Kg2 Nd4 42. Rb4 Nc2 43. Rb5 Nd4 44. Rd5 Nf5 45. Nf3 Rd6 46. Rb5 Nd4 (46... Ke6 $11 {remains equal.}) 47. Nxd4 $16 Rxd4 48. Rxb6+ {KR-KR} Kf5 49. Kf3 Rd3+ 50. Ke2 Ra3 51. Rb8 (51. Rb5+ $16 Ke4 52. f3+ Kd4 53. Rb4+ Ke5 54. Re4+ Kf5 55. Rd4) 51... Kf6 (51... Kg4 $11 {keeps the balance.}) 52. Rd8 Rb3 53. Rd6+ Kf5 54. Rd3 Rb2+ 55. Kf3 Rb5 56. Kg2 Kf6 57. Kh3 Rb4 58. Rf3+ Kg7 59. Rf4 Rb3 60. Kg2 Ra3 61. Re4 Kf6 62. Re2 Ra5 63. Rb2 Ra3 64. f3 Rc3 65. Kf2 Ra3 66. Rb6+ Kf5 67. Rd6 Rb3 68. Rd4 Kf6 69. Ke2 Ra3 70. Rd3 Ra2+ 71. Ke3 Ra6 72. Ke4 Ke6 73. Kf4 Kf6 74. Rc3 Re6 75. g4 hxg4 {The position is equal.} 76. fxg4 g5+ 77. hxg5+ Kg6 78. Rh3 {Rh6+ is the strong threat.} Re1 79. Rh6+ Kg7 80. Rd6 Rf1+ 81. Kg3 Ra1 82. Re6 Ra4 83. Kh4 Ra1 84. g6 Ra5 85. Rc6 Rb5 86. Rc7+ Kxg6 87. Rc6+ Kg7 88. g5 Rb4+ 89. Kh5 {Threatens to win with Rc7+.} Rb7 90. Rg6+ Kh7 91. Rf6 Kg7 92. Rd6 Ra7 93. Kg4 Ra5 94. Kf4 Rb5 95. Re6 Ra5 96. Re5 Rxe5 97. Kxe5 Kg6 98. Ke6 Kxg5 {Precision: White = 70%, Black = 78%.} 1/2-1/2

[Event "EYCC Open U18 2018"]
[Site "Riga"]
[Date "2018.08.23"]
[Round "4"]
[White "Gaifullin, Artur"]
[Black "Risting, Eivind Olav"]
[Result "1/2-1/2"]
[WhiteElo "2461"]
[BlackElo "2298"]
[Annotator "TA"]
[PlyCount "55"]
[EventDate "2018.08.20"]
[EventType "swiss"]
[EventCountry "LAT"]
[SourceTitle "playchess.com"]
[Source "ChessBase"]
[SourceQuality "1"]

{[%evp 19,55,12,19,9,14,16,14,0,24,12,18,15,16,-15,-18,-20,-16,-28,-30,-22,-4,-6,-6,-6,-4,-6,-5,-1,-6,-10,-2,-9,-9,-9,-9,-16,-16,-14]} 1. d4 Nf6 2. Nf3 e6 3. g3 c5 4. Bg2 Nc6 5. O-O cxd4 6. Nxd4 Qb6 7. Nb3 d5 8. a4 Be7 {A46: Damenbauernspiele} 9. a5 Qc7 10. Nc3 O-O {LiveBook: 3 Partien} 11. Bf4 e5 12. Bg5 d4 13. Nb5 Qd8 14. Bxf6 $146 ({Vorgänger:} 14. a6 Qb6 15. Bxf6 Bxf6 16. axb7 Bxb7 {½-½ (41) Thesing,M (2385)-Mainka,G (2385) Muenster 1993}) 14... Bxf6 15. a6 $1 Rb8 16. Nxa7 (16. axb7 {keeps more tension.} Bxb7 17. Nc5 Qb6 18. Nxb7 Qxb5 19. Nd6) 16... Nxa7 17. axb7 Bxb7 ({Natürlich nicht} 17... Rxb7 $6 18. Bxb7 Bxb7 19. Rxa7 $16) 18. Rxa7 Bxg2 19. Kxg2 e4 {Die Stellung ist ausgeglichen.} 20. f3 d3 {[#] Weiss muss nun ...Db6 beachten.} 21. exd3 ({Jedoch nicht} 21. cxd3 $2 Qb6 $19) 21... exd3 {Droht ...Db6 und aus.} 22. Ra2 ({Aber nicht} 22. cxd3 $2 Qb6 $19) 22... dxc2 23. Qxc2 Qd5 24. Nc1 Rfc8 {[%cal Bf8c8,Bc8c3,Bc3d3][%mdl 32]} 25. Qd3 Qe6 {[#] zielt auf ...Txc1! ab.} 26. b3 Rc3 27. Re2 Rxd3 28. Rxe6 {Precision: Weiß = 66%, Schwarz = 59%.} 1/2-1/2

[Event "EYCC Open U18 2018"]
[Site "Riga"]
[Date "2018.08.23"]
[Round "4"]
[White "Warmerdam, Max"]
[Black "Ozen, Bahadir"]
[Result "1/2-1/2"]
[WhiteElo "2421"]
[BlackElo "2302"]
[Annotator "TA"]
[PlyCount "95"]
[EventDate "2018.08.20"]
[EventType "swiss"]
[EventCountry "LAT"]
[SourceTitle "playchess.com"]
[Source "ChessBase"]
[SourceQuality "1"]

{[%evp 21,95,15,15,15,15,15,12,14,54,44,73,73,73,72,80,41,73,57,70,51,72,72,83,73,83,69,64,0,39,39,44,45,44,39,40,41,42,47,45,33,40,40,68,68,75,59,75,75,75,67,68,41,41,42,68,68,75,75,75,68,68,68,68,68,68,68,68,0,68,68,68,68,68,68,68,68]} 1. e4 e5 2. Nf3 Nc6 3. Bb5 Nf6 4. O-O Nxe4 5. Re1 Nd6 6. Nxe5 Be7 7. Bf1 Nxe5 8. Rxe5 O-O 9. d4 Bf6 10. Re1 Nf5 {C67: Ruy Lopez: Berlin Defence: 4 0-0 Nxe4} 11. d5 Re8 {LiveBook: 14 Games} 12. Rxe8+ Qxe8 {The position is equal.} 13. Qd3 d6 14. Nd2 {[#]} Qa4 $146 ({Predecessor:} 14... Bg5 15. Nf3 Bxc1 16. Rxc1 Bd7 17. Re1 Qd8 18. Qc4 {1-0 (31) Carlsen,M (2843)-Aronian,L (2764) Stavanger 2018}) 15. Ne4 Be7 16. c4 Nh4 17. b3 Qe8 18. Bb2 Bd7 19. Re1 (19. g3 {seems wilder.} Ng6 20. f4 Qf8 21. Re1 Re8 22. Nf2) 19... Qf8 20. Ng3 Ng6 21. Nf5 Bxf5 22. Qxf5 Qc8 23. Qe4 Qd8 24. Qf5 (24. Bc1 $14) 24... Ne5 25. Bxe5 dxe5 26. Qxe5 Bd6 27. Qd4 b6 28. g3 Qd7 29. Qe4 g6 30. Re2 Qd8 31. Bh3 Qf6 32. Bd7 Rd8 33. Bc6 Bc5 34. Kg2 Kg7 35. Qf3 (35. Qc2 {seems wilder.} Rf8 36. h4 a5 37. Qd2 Bb4 38. Qc1) 35... a5 36. h4 (36. Qe4 {looks sharper.} Rf8 37. f4 h5 38. Qe5 Bd6 39. Qxf6+ Kxf6 40. Kf3) 36... Qxf3+ 37. Kxf3 $14 {[%mdl 4096] Endgame KRB-KRB} Kf6 38. Kg4 h5+ 39. Kh3 Kg7 40. f4 Kf6 41. Kg2 Kf5 42. Kf3 Bd6 43. Rg2 Be7 44. Re2 Bd6 $1 45. Re1 {White is slightly better.} Kf6 46. Rg1 Kf5 47. Rf1 Bb4 48. Rf2 {Precision: White = 51%, Black = 63%.} 1/2-1/2

[Event "EYCC Open U18 2018"]
[Site "Riga"]
[Date "2018.08.23"]
[Round "4"]
[White "Erenberg, Ariel"]
[Black "Iliaguev, Nisim"]
[Result "1-0"]
[WhiteElo "2399"]
[BlackElo "2324"]
[Annotator "TA"]
[PlyCount "47"]
[EventDate "2018.08.20"]
[EventType "swiss"]
[EventCountry "LAT"]
[SourceTitle "playchess.com"]
[Source "ChessBase"]
[SourceQuality "1"]

{[%evp 12,47,66,54,89,91,109,104,104,104,141,137,139,133,142,128,177,178,215,220,250,247,251,213,256,229,243,231,250,248,254,250,410,430,447,447,447,414]} 1. d4 Nf6 2. c4 g6 3. Nc3 d5 4. Bg5 Bg7 5. Bxf6 (5. Nf3 Ne4 6. Bf4 O-O 7. Nxd5 c5 8. Qc2 f5 9. Bc7 Qd7 10. Be5 cxd4 11. Bxg7 Kxg7 12. Qd1 Nc6 13. Nxd4 e6 14. Nxc6 exd5 {1-0 (54) So,W (2778)-Grischuk,A (2766) Paris 2018}) 5... Bxf6 6. cxd5 {D80: Grünfeld: Unusual White 4th moves and 4 Bg5} O-O 7. e3 {LiveBook: 6 Games} a6 8. Nf3 {White is better.} b5 $146 ({Predecessor:} 8... Re8 9. Rc1 c6 10. dxc6 Nxc6 11. Be2 e6 12. O-O Bd7 13. Ne4 Be7 14. Nc5 Bxc5 15. Rxc5 Qb6 16. Qd2 {1-0 (16) Mamrukov,D (2167)-Biryukov,S (2000) FICGS email 2011}) 9. Be2 Bb7 10. Qb3 Qd6 11. Nd2 Nd7 12. O-O Qb6 13. Rfc1 Bg7 14. a4 {[%cal Ra4b5]} bxa4 15. Qxa4 Nf6 16. Nc4 Qa7 17. Qa5 Qb8 18. Ne5 Qd8 19. Bf3 Qd6 20. Nc4 Qd7 21. h3 Rfd8 $2 {[#]} (21... Rfb8 22. e4 e6) 22. d6 $18 {[%cal Bd5d6,Bd6c7][%mdl 32]} Bxf3 23. dxc7 ({Worse is} 23. gxf3 exd6 24. Kg2 Rdb8 $11) 23... Rdc8 24. Nb6 {Precision: White = 84%, Black = 47%.} 1-0

[Event "EYCC Open U18 2018"]
[Site "Riga"]
[Date "2018.08.23"]
[Round "4"]
[White "Sousa, Andre Ventura"]
[Black "Kowalski, Igor"]
[Result "1/2-1/2"]
[WhiteElo "2376"]
[BlackElo "2294"]
[Annotator "TA"]
[PlyCount "89"]
[EventDate "2018.08.20"]
[EventType "swiss"]
[EventCountry "LAT"]
[SourceTitle "playchess.com"]
[Source "ChessBase"]
[SourceQuality "1"]

{[%evp 26,89,0,-14,57,50,58,19,20,15,23,0,0,10,29,0,0,0,0,0,-8,0,26,0,0,0,0,2,4,0,0,0,0,0,0,0,25,19,28,0,0,0,0,0,0,0,43,41,56,37,50,26,37,31,81,0,1,0,0,0,0,5,7,0,0,0]} 1. e4 e5 2. Nf3 Nc6 3. d4 exd4 4. Nxd4 Nf6 5. Nxc6 bxc6 6. e5 Qe7 7. Qe2 Nd5 8. c4 Ba6 9. Nd2 g6 10. Nf3 {C45: Scotch Game} Bg7 (10... Qb4+ 11. Kd1 Ne7 12. Qc2 c5 13. Bd3 Bg7 14. Re1 O-O 15. Qb3 Nc6 16. Bd2 Qb6 17. Qxb6 axb6 {0-1 (32) Jones,G (2668)-Kramnik,V (2803) Douglas 2017}) 11. Bg5 Qb4+ 12. Qd2 Qxd2+ 13. Bxd2 Nb6 14. b3 {LiveBook: 8 Games} d5 ({Better is} 14... d6 $11) 15. cxd5 $1 $14 Bxf1 16. Rxf1 cxd5 17. Rc1 O-O-O {[#]} 18. Bf4 $146 Rhe8 19. Kd2 Rd7 20. Rfe1 Bf8 21. Kd1 Ba3 22. Rc6 Kb7 23. Rf6 Re6 (23... Rde7 {is more complex.} 24. Bg5 Bb4 25. Re3 d4 26. Re4 Bc3) 24. Ng5 Rxf6 25. exf6 h6 26. Nf3 g5 27. Bg3 Bb2 28. Ne5 Bxe5 $1 29. Rxe5 $11 {[%mdl 4096] Endgame KRB-KRN} d4 30. f4 Nd5 31. fxg5 hxg5 32. Rxg5 Nc3+ $1 33. Ke1 d3 $1 {[%cal Rd3d2] [#] ( -> ...d2+)} 34. Bf4 {aiming for Re5.} d2+ 35. Bxd2 Ne4 36. Re5 Nxd2 $14 {KRN-KR} 37. Re7 Rd6 38. h4 Kc6 39. h5 a5 40. h6 ({But not} 40. Rxf7 $6 Ne4 $11) (40. Ke2 $16) 40... Rxf6 $11 {The position is equal.} 41. Kxd2 Rxh6 42. Rxf7 Rg6 43. Rf2 Rg3 44. Kc2 a4 45. Kb2 {Precision: White = 52%, Black = 71%.} 1/2-1/2

[Event "EYCC Open U18 2018"]
[Site "Riga"]
[Date "2018.08.23"]
[Round "4"]
[White "Ioannidis, Evgenios"]
[Black "Livaic, Leon"]
[Result "1-0"]
[WhiteElo "2343"]
[BlackElo "2495"]
[Annotator "TA"]
[PlyCount "67"]
[EventDate "2018.08.20"]
[EventType "swiss"]
[EventCountry "LAT"]
[SourceTitle "playchess.com"]
[Source "ChessBase"]
[SourceQuality "1"]

{[%evp 27,67,37,37,9,29,23,30,22,22,25,43,43,32,33,40,23,30,8,28,29,57,55,57,50,218,227,188,195,190,196,692,691,691,685,678,676,938,870,29989,29990,29988,29989]} 1. Nf3 Nf6 2. c4 b6 3. g3 Bb7 4. Bg2 c5 5. O-O g6 6. b3 Bg7 7. Bb2 O-O 8. d4 cxd4 9. Qxd4 d6 10. Nc3 Ne4 {A30: Symmetrical English: Double Fianchetto and Hedgehog} (10... Nbd7 11. Rac1 Rc8 12. Rfd1 Rc5 13. Ne1 Bxg2 14. Nxg2 Re8 15. Nd5 b5 16. Nge3 bxc4 17. Rxc4 Qb8 18. Rxc5 Nxc5 19. Nxf6+ Bxf6 20. Qd2 Bxb2 21. Qxb2 {1-0 (48) Bu,X (2725)-Dubov,D (2696) Liaocheng 2018}) 11. Qe3 Nxc3 12. Bxc3 Bxc3 13. Qxc3 Nd7 14. Rfd1 Nf6 {LiveBook: 5 Games} 15. Rd4 Rc8 16. Qd3 $146 ({Predecessor:} 16. Qe3 Rc5 17. b4 Rc7 18. Qh6 Bxf3 19. exf3 {1-0 (31) Kirov,N (2465)-Vegh,E (2365) Cordoba 1994}) 16... Rc5 17. e4 Qa8 {[%cal Rf6e4]} 18. Ne1 {[%cal Bf3e1,Be1d3,Bd3f4,Bf4d5][%mdl 32]} a6 19. a4 Nd7 20. Qe3 a5 21. Nd3 Rc7 22. Qh6 Ne5 23. Nf4 Rc5 24. Nd5 Qd8 25. Rad1 Nc6 $2 {[#]} ({Better is} 25... Bxd5 $14 26. exd5 f5) 26. e5 $1 $18 {Threatening mate with Rh4.} Nxd4 27. Rxd4 {Rh4 would kill now.} f5 {[#]} ({Worse is} 27... Bxd5 28. Rh4 Re8 29. Qxh7+ Kf8 30. Qh8#) 28. Nf4 $1 $40 {[%cal Rf4e6][%mdl 128] Hoping for Ne6. Black is in trouble.} ({Weaker is} 28. exf6 exf6 29. Re4 Bxd5 $11) 28... Qc8 $2 ({Wrong is} 28... Bxg2 $2 29. Ne6 $18) (28... Bc8) 29. Bxb7 Qxb7 30. Ne6 {[%csl Ge6][%cal Rh6f8]} Rf7 31. Nd8 Qf3 32. Nxf7 Kxf7 33. Qxh7+ Ke6 34. exd6 {Precision: White = 75%, Black = 34%.} 1-0

[Event "EYCC Open U18 2018"]
[Site "Riga"]
[Date "2018.08.23"]
[Round "4"]
[White "Nothnagel, Marian Can"]
[Black "Gumularz, Szymon"]
[Result "1-0"]
[WhiteElo "2338"]
[BlackElo "2458"]
[Annotator "TA"]
[PlyCount "77"]
[EventDate "2018.08.20"]
[EventType "swiss"]
[EventCountry "LAT"]
[SourceTitle "playchess.com"]
[Source "ChessBase"]
[SourceQuality "1"]

{[%evp 23,77,31,22,32,29,20,54,60,144,61,46,26,46,54,74,74,77,71,74,72,72,73,92,60,60,60,92,97,86,83,169,143,143,143,187,184,172,177,167,119,239,206,216,209,278,278,389,390,722,293,297,289,287,281,353,335]} 1. e4 c5 2. Nf3 g6 3. d4 cxd4 4. Qxd4 Nf6 5. Nc3 Nc6 6. Qa4 d6 7. e5 dxe5 8. Nxe5 Bg7 {B27: Sizilianisch (Frühes Fianchetto)} (8... Bd7 9. Nxd7 Qxd7 10. Be3 Bg7 11. Rd1 Qg4 12. Rd4 Qf5 13. Bd3 Qe5 14. Rb4 Qc7 15. Bb5 O-O 16. Rc4 {0-1 (36) Wei,Y (2706)-Bu,X (2681) China 2015}) 9. Bb5 O-O 10. Nxc6 bxc6 11. Bxc6 Rb8 12. O-O Qc7 {LiveBook: 10 Partien} 13. Bf3 Bf5 $146 ({Vorgänger:} 13... Bd7 14. Qh4 Rfc8 15. Re1 Qa5 16. Bd2 Rxb2 {0-1 (41) Kathmale,S (2264)-Cvitan,O (2484) Zadar 2017}) 14. Re1 {Schwarz muss nun Lf4 beachten.} Nd7 15. Nd5 Qxc2 (15... Nb6 $1 $14) 16. Qxc2 (16. Qxa7 $16 e5 17. Ne7+ Kh8 18. Be3) 16... Bxc2 $14 17. Nxe7+ Kh8 18. Nc6 Rbe8 19. Rxe8 Rxe8 {[%cal Re8e1]} 20. Be3 Bxb2 21. Re1 $36 {[%mdl 2048] Droht Ld4+ und aus. Läuft bei Weiss.} Bf6 22. Rc1 Bf5 23. Nxa7 Ne5 24. Be2 Rb8 25. Bb5 Ng4 26. Bc5 $1 Rd8 (26... Ne5 $16) 27. h3 Ne5 {[#]} 28. Be3 $1 Nd3 {[#]} 29. Rd1 $1 {g4 ist eine echte Drohung.} Nb4 30. Rxd8+ Bxd8 31. a4 Be4 (31... Ba5 $16 {war angesagt.} 32. Bh6 Kg8) 32. Bc5 Ba5 33. Nc8 Kg7 34. Nd6 Bd5 35. Ne8+ Kh6 $2 (35... Kh8 36. Bd4+ f6 37. Bxf6+ Kg8) 36. h4 (36. f4 $142 {Weiss droht Lf8+ und Matt.} Be6 37. Bf8+ Kh5 38. Nf6+ Kh4 39. Kh2 h5 40. g3#) 36... g5 $18 37. Be3 Kg6 38. Bxg5 Kf5 39. Bd2 {Precision: Weiß = 60%, Schwarz = 34%.} 1-0

[Event "EYCC Open U18 2018"]
[Site "Riga"]
[Date "2018.08.23"]
[Round "4"]
[White "Ileana, George"]
[Black "Bronstein, Or"]
[Result "1/2-1/2"]
[WhiteElo "2324"]
[BlackElo "2342"]
[Annotator "TA"]
[PlyCount "79"]
[EventDate "2018.08.20"]
[EventType "swiss"]
[EventCountry "LAT"]
[SourceTitle "playchess.com"]
[Source "ChessBase"]
[SourceQuality "1"]

{[%evp 21,79,0,15,9,14,12,4,0,0,-10,-10,-22,-16,-22,-17,-40,-28,-50,-47,-60,-40,-114,-14,-17,0,-6,0,0,12,-4,-4,-4,-4,-4,-4,-5,0,-6,0,0,15,8,11,-63,0,0,50,50,50,-38,-38,-37,0,0,8,8,26,0,0,0]} 1. e4 c5 2. Nf3 d6 3. d4 cxd4 4. Nxd4 Nf6 5. Nc3 a6 6. h3 e5 7. Nde2 h5 {B90: Sicilian Najdorf: Unusual White 6th moves, 6 Be3 Ng4 and 6 Be3 e5} (7... b5 8. Ng3 Qc7 9. Bd3 g6 10. Bg5 Nbd7 11. O-O Bg7 12. a4 bxa4 13. Rxa4 O-O 14. Qd2 Bb7 15. Ra3 Nc5 16. Bxf6 Bxf6 {1-0 (52) Harikrishna,P (2739)-Kokarev,D (2608) Linares 2018}) 8. Bg5 Be6 9. Bxf6 Qxf6 10. Nd5 Qd8 11. Nec3 g6 {LiveBook: 34 Games} 12. Bc4 Bh6 13. Bb3 O-O {[#]} 14. Qd3 $146 ({Predecessor:} 14. O-O Nc6 15. Qd3 {½-½ (34) Cornejo,W (2559)-Acevedo Villalba,A (2546) ICCF email 2012}) 14... Nd7 15. Ne3 Nc5 16. Qe2 b5 {[%cal Bb7b5,Bb5b4][%mdl 32]} 17. O-O b4 18. Ncd5 a5 19. Qf3 Kg7 20. Rad1 Qh4 21. Nb6 ({Much worse is} 21. g3 Qxh3 22. Rfe1 Bg5 $17) (21. Nc7 $15 Rad8 22. Rfe1) 21... Rad8 (21... Rab8 $17 22. Nbd5 a4) 22. Bd5 $11 Bxd5 23. Rxd5 Nxe4 24. Nec4 {[#]} a4 $1 {[%mdl 512]} 25. g3 (25. Nxa4 Nxf2) 25... Ng5 26. Qg2 $132 {[%mdl 2048] White is not keeping still} Qxh3 27. Qxh3 Nxh3+ 28. Kg2 Ng5 29. Nxa4 f5 30. Rfd1 f4 31. Nxd6 {[#] Black must now prevent Nf5+!} Ra8 32. b3 (32. Nc5 $11) 32... fxg3 (32... e4 $1 $15) 33. fxg3 {[%cal Bf2g3,Bg3h4][%mdl 32]} h4 34. gxh4 Nf3 35. Kg3 (35. Nc5 $14 Kg8 36. Nd7) 35... Nd4 $15 {And now ...Ne2+ would win.} 36. Nc5 Rf3+ 37. Kg2 Raf8 38. R5xd4 Rf2+ 39. Kh1 exd4 40. Ne6+ {Precision: White = 44%, Black = 42%.} 1/2-1/2

[Event "EYCC Open U18 2018"]
[Site "Riga"]
[Date "2018.08.24"]
[Round "5"]
[White "Livaic, Leon"]
[Black "Nothnagel, Marian Can"]
[Result "1/2-1/2"]
[WhiteElo "2495"]
[BlackElo "2338"]
[Annotator "TA"]
[PlyCount "44"]
[EventDate "2018.08.20"]
[EventType "swiss"]
[EventCountry "LAT"]
[SourceTitle "playchess.com"]
[Source "ChessBase"]
[SourceQuality "1"]

{[%evp 18,44,6,9,10,7,14,0,10,-32,0,0,0,-13,0,-21,-23,-32,-36,-34,-39,-35,-31,-30,-28,-28,-2,0,-4]} 1. d4 d5 2. c4 e6 3. Nc3 a6 4. cxd5 exd5 5. Nf3 c6 (5... Nf6 6. Qb3 Be7 7. Bf4 O-O 8. e3 Bd6 9. Bg5 c6 10. Bd3 Re8 11. O-O Be7 12. Rae1 Nbd7 13. e4 Nb6 14. Bxf6 Bxf6 15. exd5 Rxe1 16. Rxe1 Nxd5 {½-½ (30) Dubov,D (2691)-Fedoseev,V (2707) Abu Dhabi 2018}) 6. Qc2 {D31: Damengambit (Halbslawisch)} Bd6 7. Bg5 Ne7 8. e3 f6 9. Bh4 Bf5 10. Bd3 {LiveBook: 17 Partien} Bxd3 11. Qxd3 O-O 12. Bg3 Re8 $146 ({Vorgänger:} 12... f5 13. O-O-O {½-½ (24) Grigoriants,S (2567)-Kozionov,K (2391) Moscow 2015}) 13. O-O-O Qc7 14. e4 Nd7 15. Rde1 dxe4 16. Qxe4 (16. Rxe4 {keeps more tension.} Nd5 17. Rhe1 Rxe4 18. Qxe4 Nf8 19. Kb1) 16... Nd5 17. Qxe8+ Rxe8 18. Rxe8+ Kf7 19. Bxd6 Qxd6 20. Rhe1 Nxc3 21. bxc3 Nb6 {[#] Droht ...Da3+ und aus.} 22. R8e7+ Qxe7 1/2-1/2